[Event "Orsha A 2021"]
[Site "Orsha"]
[Date "2021.04.07"]
[Round "4.4"]
[White "Sargsyan, Anna M."]
[Black "Naumovich, Yaroslav"]
[Result "1-0"]
[WhiteElo "2380"]
[BlackElo "2022"]
[Annotator "RC"]
[PlyCount "61"]
[EventDate "2021.04.06"]
[EventType "swiss"]
[EventCountry "BLR"]
[SourceTitle "playchess.com"]
[Source "ChessBase"]
[SourceQuality "1"]
[TimeControl "5400+30"]

1. d4 {[%emt 0:00:00]} Nf6 {[%emt 0:00:00]} 2. c4 {[%emt 0:00:00]} e6 {[%emt 0:00:00]} 3. Nf3 {[%emt 0:00:00]} d5 {[%emt 0:00:00]} 4. Nc3 {[%emt 0:00:00]} Be7 {[%emt 0:00:00]} 5. Bf4 {[%emt 0:00:00]} O-O {[%emt 0:00:13]} 6. e3 {[%emt 0:00:00]} b6 {[%emt 0:02:01]} 7. cxd5 {[%emt 0:00:04]} exd5 {[%emt 0:03:07]} 8. Bd3 {[%emt 0:00:09]} Bb7 {[%emt 0:00:06]} 9. O-O {[%emt 0:00:07]} Nbd7 {[%emt 0:00:10]} 10. Rc1 {[%emt 0:00:07]} c5 {[%emt 0:01:39]} 11. dxc5 {[%emt 0:00:12]} bxc5 {[%emt 0:00:15]} 12. Bf5 {[%emt 0:04:21]} Nb6 {[%emt 0:03:48]} 13. Qd3 {[%emt 0:08:24]} g6 {[%emt 0:07:16]} 14. Bh3 {[%emt 0:00:08]} Bc8 {[%emt 0:00:07]} 15. Bxc8 {[%emt 0:00:31]} Rxc8 {[%emt 0:00:09]} 16. Rfd1 {[%emt 0:01:17]} Qd7 {[%emt 0:11:10]} 17. Qa6 {[%emt 0:06:50]} Nh5 {[%emt 0:05:09]} 18. Be5 {[%emt 0:04:55]} Rfd8 {[%emt 0:08:24]} 19. Nb5 {[%emt 0:05:09]} Rc6 {[%emt 0:06:58]} 20. Qxa7 {[%emt 0:10:18]} Re6 {[%emt 0:09:01]} 21. Qxd7 {[%emt 0:01:11]} Rxd7 {[%emt 0:00:05]} 22. b3 {[%emt 0:01:09]} Nf6 {[%emt 0:08:12]} 23. b4 {[%emt 0:04:25]} Ng4 {[%emt 0:11:00]} 24. bxc5 {[%emt 0:06:31]} Bxc5 {[%emt 0:00:48]} 25. Bf4 {[%emt 0:00:31]} Bf8 {[%emt 0:01:53]} 26. h3 {[%emt 0:00:03]} Nh6 {[%emt 0:00:56]} 27. Nc7 {[%emt 0:00:46]} Re4 {[%emt 0:02:36]} 28. Rc6 {[%emt 0:04:48]} Rb4 {[%emt 0:03:31]} 29. a3 {[%emt 0:00:19]} Rxf4 {[%emt 0:04:47]} 30. exf4 {[%emt 0:00:09]} Bxa3 {[%emt 0:02:19]} 31. Nb5 {[%emt 0:00:21]} 1-0

[Event "Orsha A 2021"]
[Site "Orsha"]
[Date "2021.04.07"]
[Round "4.5"]
[White "Tsaruk, Maksim"]
[Black "Spizharny, Mikhail"]
[Result "1/2-1/2"]
[WhiteElo "2306"]
[BlackElo "2153"]
[Annotator "TA"]
[PlyCount "69"]
[EventDate "2021.04.06"]
[EventType "swiss"]
[EventCountry "BLR"]
[SourceTitle "playchess.com"]
[Source "ChessBase"]
[SourceQuality "1"]

{[%evp 14,69,45,45,50,47,50,56,45,47,47,50,48,57,62,33,33,35,53,33,50,6,34,37,43,33,50,38,62,29,34,47,38,13,16,25,41,29,40,35,36,13,12,18,40,6,9,6,6,6,6,6,6,6,6,11,4,62]} 1. e4 c5 2. Nf3 e6 3. d4 cxd4 4. Nxd4 a6 5. c4 Nf6 6. Nc3 Qc7 7. a3 b6 8. Be3 Bb7 {B41: Sicilian: Kan Variation: 5 c4.} 9. f3 Be7 10. Rc1 O-O {White is slightly better. 10...0-0 is better than 10...d6.} 11. Be2 d6 12. O-O Nbd7 13. b4 Rac8 14. Qd2 Qb8 15. Rfd1 Rfd8 16. Kh1 Bf8 17. Qe1 {[#]} Ne5 $146 ({Predecessor:} 17... d5 18. cxd5 exd5 19. exd5 Nxd5 20. Nxd5 Rxc1 21. Rxc1 Bxd5 22. Bxa6 Qa8 23. Qf1 Nb8 {1-0 (67) Bozzali,E (2090)-Castrogiovanni,C (2018) Crema 2009}) 18. Na4 Nfd7 19. Nb3 Bc6 20. Nc3 Ba8 21. Qf1 Rc7 22. f4 Ng6 23. Nd4 Re8 24. Nf3 Rec8 25. f5 Nge5 {[%cal Re5c4]} 26. fxe6 fxe6 {[%cal Re5c4]} 27. Ng5 Re8 28. Bh5 {Threatening Bf7+.} g6 {[#]} 29. Bg4 Bh6 {Hoping for ...Bxg5.The position is equal.} 30. Bxe6+ Rxe6 31. Nxe6 Bxe3 32. Nxc7 Bxc1 33. Nxa6 Qc8 {[#] White must now prevent ...Bg5.} 34. Rxc1 {And now b5 would win.} Qxa6 35. Nb5 {Weighted Error Value: White=0.10/Black=0.05} 1/2-1/2

[Event "Orsha A 2021"]
[Site "Orsha"]
[Date "2021.04.07"]
[Round "4.6"]
[White "Suslov, Dmirtry"]
[Black "Apryshko, Gleb"]
[Result "0-1"]
[WhiteElo "1757"]
[BlackElo "2391"]
[Annotator "RC"]
[PlyCount "46"]
[EventDate "2021.04.06"]
[EventType "swiss"]
[EventCountry "BLR"]
[SourceTitle "playchess.com"]
[Source "ChessBase"]
[SourceQuality "1"]
[TimeControl "5400+30"]

1. d4 {[%emt 0:00:00]} g6 {[%emt 0:03:52]} 2. e4 {[%emt 0:00:00]} Bg7 {[%emt 0:00:05]} 3. c3 {[%emt 0:00:00]} d6 {[%emt 0:01:18]} 4. Bd3 {[%emt 0:01:38]} e5 {[%emt 0:00:04]} 5. Nf3 {[%emt 0:00:56]} Nc6 {[%emt 0:00:12]} 6. d5 {[%emt 0:03:07]} Nce7 {[%emt 0:00:02]} 7. c4 {[%emt 0:00:31]} f5 {[%emt 0:00:02]} 8. Nc3 {[%emt 0:02:38]} Nf6 {[%emt 0:00:04]} 9. Nd2 {[%emt 0:07:05]} c6 {[%emt 0:00:29]} 10. f3 {[%emt 0:01:43]} O-O {[%emt 0:00:07]} 11. Qb3 {[%emt 0:06:38]} Kh8 {[%emt 0:05:40]} 12. O-O {[%emt 0:04:08]} f4 {[%emt 0:00:07]} 13. g4 {[%emt 0:09:02]} fxg3 {[%emt 0:01:09]} 14. hxg3 {[%emt 0:00:07]} b5 {[%emt 0:22:07]} 15. dxc6 {[%emt 0:16:08]} Nxc6 {[%emt 0:00:06]} 16. Nxb5 {[%emt 0:00:17]} Nh5 {[%emt 0:03:14]} 17. Kf2 {[%emt 0:13:04]} a6 {[%emt 0:00:08]} 18. Nc3 {[%emt 0:01:30]} Nd4 {[%emt 0:02:50]} 19. Qd1 {[%emt 0:00:40]} Nxg3 {[%emt 0:00:01]} 20. Rg1 {[%emt 0:01:34]} Nh5 {[%emt 0:00:18]} 21. Be2 {[%emt 0:04:03]} Qh4+ {[%emt 0:00:34]} 22. Ke3 {[%emt 0:01:06]} Bh6+ {[%emt 0:00:01]} 23. Kd3 {[%emt 0:00:38]} Nf4+ {[%emt 0:00:05]} 0-1

[Event "Orsha A 2021"]
[Site "Orsha"]
[Date "2021.04.07"]
[Round "4.7"]
[White "Egorenkov, Igor"]
[Black "Klachkou, Platon"]
[Result "1/2-1/2"]
[WhiteElo "2180"]
[BlackElo "1756"]
[Annotator "TA"]
[PlyCount "140"]
[EventDate "2021.04.06"]
[EventType "swiss"]
[EventCountry "BLR"]
[SourceTitle "playchess.com"]
[Source "ChessBase"]
[SourceQuality "1"]

{[%evp 16,140,43,21,26,0,22,25,24,25,24,22,26,16,31,10,5,0,0,0,11,12,35,32,27,16,41,11,17,12,23,11,11,11,33,25,49,15,53,52,103,26,26,26,26,22,37,25,57,52,37,37,57,57,57,57,57,57,57,57,57,57,57,57,57,57,57,57,57,57,57,57,57,57,57,57,57,57,57,57,57,57,57,57,57,57,57,24,24,24,24,24,24,24,24,24,24,0,24,24,24,24,24,24,24,24,24,24,24,8,24,24,24,15,15,15,24,24,24,15,24,0,24,24,24,15,24]} 1. e4 d6 2. c4 g6 3. d4 Bg7 4. Nc3 Nd7 5. Nf3 Ngf6 6. Be2 O-O 7. O-O e5 8. d5 Nh5 9. Ne1 Nf4 {E94: King's Indian: Classical: 6 Be2 e5 7 0-0: Various Black 7th moves.} 10. Nd3 Nxd3 11. Bxd3 {[#]} f5 $146 {White has an edge.} ({Predecessor:} 11... Nc5 12. Bc2 f5 13. Be3 b6 14. b4 f4 15. Bc1 Nb7 16. f3 g5 17. a3 Rf6 {½-½ (33) Dilek,C (1881)-Eker,E Kemer 2012}) 12. exf5 gxf5 13. f3 a5 14. Be3 b6 15. Rc1 Nc5 16. Bb1 Bd7 17. b3 Qf6 18. Nb5 Rfc8 19. Kh1 f4 20. Bf2 Bf5 21. Bxc5 bxc5 22. a4 Bd7 23. Qd3 Qh6 24. Qd2 Bf6 25. g4 Bg5 26. Be4 Qh3 27. Rg1 Bxb5 (27... Kh8 $14) 28. cxb5 (28. axb5 $16 Kh8 29. Ra1) 28... Rf8 29. Rg2 Rf6 30. Rc2 Qh4 31. Kg1 Rh6 32. Kf1 Kg7 33. Qd3 Rf6 34. Ke2 Rff8 35. Kd1 Rfb8 36. Rce2 Re8 37. Kc2 Re7 38. Kb2 Rb8 39. Ka2 Kf6 40. Qc3 Ra8 41. Rc2 Kg7 42. Qd2 Ree8 43. Qd3 Rab8 44. Bf5 Re7 45. Qe2 Kf6 46. Be4 Ree8 47. Rg1 Kg7 48. Kb2 Kf6 49. Bd3 Kg7 50. Qe4 Re7 51. b4 axb4 52. a5 {[%cal Ba4a5,Ba5a6][%mdl 32]} Ra8 53. a6 Rf7 54. Kb3 Ra7 55. Ra1 Qh3 56. Rg1 Qh4 57. Qe2 Qh3 58. Qg2 Qxg2 59. Rcxg2 {Strongly threatening h4!} h6 $1 60. Bf5 Rf8 61. Re2 Kf6 62. Bd7 Rb8 63. Kc4 Rb6 64. Bc6 Ke7 65. Bb7 Kf6 66. Rb1 Ke7 67. Rb3 Kf6 68. Rb1 Ke7 69. Rh1 Bh4 $1 70. Rf1 Bg5 {Weighted Error Value: White=0.06/Black=0.06} 1/2-1/2

[Event "Orsha A 2021"]
[Site "Orsha"]
[Date "2021.04.07"]
[Round "4.8"]
[White "Piatrenka, Ivan"]
[Black "Vashchilov, Sergey"]
[Result "1/2-1/2"]
[WhiteElo "1752"]
[BlackElo "2172"]
[Annotator "TA"]
[PlyCount "74"]
[EventDate "2021.04.06"]
[EventType "swiss"]
[EventCountry "BLR"]
[SourceTitle "playchess.com"]
[Source "ChessBase"]
[SourceQuality "1"]

{[%evp 12,74,0,2,47,4,45,-18,-31,-56,17,26,23,7,16,19,55,16,55,6,62,31,31,25,22,24,37,-2,1,0,0,0,0,-8,-10,-6,-4,-20,-5,-18,-6,-19,0,0,-3,-5,-10,-15,0,0,0,0,0,0,0,0,0,0,0,0,22,0,0,0,18]} 1. d4 e6 2. c4 Nf6 3. Nc3 Bb4 4. e3 b6 5. Bd3 Bb7 6. Nf3 O-O 7. O-O d6 {E43: Nimzo-Indian: Rubinstein: 4...b6.} 8. Qc2 (8. Ne2 $5 {[%cal Ra2a3]} d5 9. b3 $11) 8... c5 9. a3 (9. Ne2 $14) 9... Bxc3 $11 10. Qxc3 Ne4 ({Black should try} 10... Bxf3 $15 11. gxf3 cxd4 12. exd4 Nc6) 11. Qc2 f5 12. Nd2 {[%cal Rd2e4]} Nf6 {[#]} 13. b4 $146 ({Predecessor:} 13. dxc5 bxc5 14. e4 f4 15. Nf3 e5 16. b4 Nc6 17. bxc5 dxc5 18. Bb2 Qe7 19. Rab1 {½-½ (33) Kiss,P (2172)-Kelemen,G (2221) Hungary 2002}) 13... Nbd7 14. Bb2 Qe8 15. d5 {next dxe6 is good for White.} g6 (15... Ne5 $11) 16. dxe6 Qxe6 17. Rfe1 Ne5 18. Be2 Rf7 19. bxc5 bxc5 {The position is equal.} 20. h3 Bc6 21. f4 Ned7 22. Bf3 Bxf3 23. Nxf3 h6 24. Rac1 Kh7 25. Ba1 Rb8 26. Kh2 Ne4 27. Nd2 Ndf6 28. Nxe4 Nxe4 29. Rb1 Rfb7 30. Rxb7+ Rxb7 31. Rb1 Qe7 32. Rxb7 Qxb7 33. Qa4 {[#] Qe8 is the strong threat.} Qe7 34. Qc6 g5 35. Qc8 {aiming for g4.} Kg6 36. Qg8+ Kh5 37. Qc8 Kg6 {Weighted Error Value: White=0.13/Black=0.18} 1/2-1/2

[Event "Orsha A 2021"]
[Site "Orsha"]
[Date "2021.04.08"]
[Round "5.1"]
[White "Barseghyan, Armen Ar."]
[Black "Aleksandrov, Aleksej"]
[Result "1/2-1/2"]
[WhiteElo "2358"]
[BlackElo "2563"]
[Annotator "TA"]
[PlyCount "73"]
[EventDate "2021.04.06"]
[EventType "swiss"]
[EventCountry "BLR"]
[SourceTitle "playchess.com"]
[Source "ChessBase"]
[SourceQuality "1"]

{[%evp 12,73,30,0,16,11,6,3,9,0,0,0,0,0,0,-22,-18,-16,-16,-14,10,-12,9,0,0,-1,0,0,0,-14,-13,-22,0,0,-2,-50,-37,-45,0,0,0,0,2,2,14,0,0,0,0,0,0,0,0,0,0,0,0,0,0,0,0,0,0,0]} 1. d4 Nf6 2. c4 e6 3. Nf3 d5 4. Nc3 Nbd7 5. cxd5 exd5 6. Bf4 c6 7. h3 Nb6 {D35: Queen's Gambit Declined: Exchange Variation.} 8. Qc2 g6 9. e3 Bf5 10. Bd3 Bxd3 11. Qxd3 {[#]} Bd6 $146 ({Predecessor:} 11... Bg7 12. O-O Qe7 13. Bg5 O-O 14. Rfe1 Qe6 15. Bxf6 Qxf6 16. Rab1 Qd6 17. b4 a6 {1-0 (39) Speelman,J (2604)-Graf,A (2649) Luebeck 2001}) 12. Bh6 Qe7 13. O-O Ne4 14. Bg7 Rg8 15. Be5 Nxc3 16. Qxc3 Kf8 17. a3 Nc8 {[%cal Bb6c8,Bc8d6,Bd6f5,Bf5g3][%mdl 32]} 18. Nd2 f6 19. Bxd6 Nxd6 20. f3 Kg7 21. Rae1 Rad8 22. a4 Nf5 23. g4 {[#]} Qd6 $1 {Hoping for ...Qg3+.} 24. f4 $1 (24. gxf5 {gets mated.} Qg3+ 25. Kh1 Qxh3+ 26. Kg1 gxf5 27. Rc1 Qg3+ 28. Kh1 Qh4+ 29. Kg2 Kh8#) 24... Ng3 25. Rf3 {The position is equal.} Ne4 26. Nxe4 dxe4 27. Rg3 Qe7 28. h4 Rd5 29. g5 h6 {[%cal Rh6g5]} 30. Re2 hxg5 31. hxg5 fxg5 32. Reg2 {[%cal Rg3g5]} Rgd8 33. Rxg5 Rxg5 34. Rxg5 Rd5 35. Rxd5 cxd5 36. Qc8 Qb4 37. Qd7+ {Weighted Error Value: White=0.05/Black=0.05} 1/2-1/2

[Event "Orsha A 2021"]
[Site "Orsha"]
[Date "2021.04.08"]
[Round "5.2"]
[White "Stupak, Kirill"]
[Black "Sargsyan, Anna M."]
[Result "1/2-1/2"]
[WhiteElo "2501"]
[BlackElo "2380"]
[Annotator "TA"]
[PlyCount "60"]
[EventDate "2021.04.06"]
[EventType "swiss"]
[EventCountry "BLR"]
[SourceTitle "playchess.com"]
[Source "ChessBase"]
[SourceQuality "1"]

{[%evp 9,60,4,4,-34,-13,-23,-20,-31,8,1,0,-12,-6,-7,-14,-12,-18,-41,-11,-102,-33,-39,-43,-45,-35,-41,-10,-13,-9,-5,0,0,0,0,0,0,21,0,10,17,12,0,0,0,0,0,0,0,0,0,0,0,0]} 1. d4 d5 2. Nf3 Nf6 3. Bg5 Ne4 4. Bh4 f6 5. Nfd2 Nd6 6. f3 {D03: 1 d4 d5 2 Nf3 Nf6 3 Bg5, including Torre Attack with early ...d5.} Nc6 7. c3 e5 {[#]} 8. Bf2 $146 ({Predecessor:} 8. dxe5 Nxe5 9. e4 dxe4 10. Nxe4 Nxe4 11. Qxd8+ Kxd8 12. fxe4 Bg4 13. Be2 Bc5 14. Nd2 {½-½ (28) Burnett,R (2369)-Lugo,B (2407) ICC INT 2008}) 8... Nf7 9. e3 Be7 10. Bd3 f5 11. Qc2 e4 12. Be2 exf3 13. gxf3 Bh4 {Hoping for ...Bxf2+.} (13... f4 $5) 14. Rf1 (14. Bg3 $11) 14... O-O (14... f4 $17 15. e4 O-O 16. exd5 Bxf2+ 17. Rxf2 Ne7) 15. f4 $1 $15 Re8 16. Nf3 Bxf2+ 17. Kxf2 Nd6 18. Nbd2 {The position is equal.} Qe7 19. Ne5 Nxe5 20. dxe5 Qh4+ 21. Kg1 Ne4 22. Nxe4 dxe4 (22... fxe4 {looks sharper.} 23. Rf2 Re6 24. Rg2 Rh6 25. Rd1 c6) 23. Bb5 c6 24. Bc4+ Be6 25. Qb3 Bxc4 26. Qxc4+ Kh8 27. Rad1 Rad8 {[#] aiming for ...Qg4+.} 28. Rd6 Rxd6 29. exd6 Rd8 30. Qd4 Qg4+ {Weighted Error Value: White=0.13/Black=0.07} 1/2-1/2

[Event "Orsha A 2021"]
[Site "Orsha"]
[Date "2021.04.08"]
[Round "5.3"]
[White "Navumenka, Mikhei"]
[Black "Zarubitski, Viachaslau"]
[Result "1-0"]
[WhiteElo "2052"]
[BlackElo "2456"]
[Annotator "TA"]
[PlyCount "105"]
[EventDate "2021.04.06"]
[EventType "swiss"]
[EventCountry "BLR"]
[SourceTitle "playchess.com"]
[Source "ChessBase"]
[SourceQuality "1"]

{[%evp 15,105,40,27,13,20,25,18,20,26,25,57,57,67,0,0,4,0,0,0,-43,-52,-56,-29,-33,-33,-39,-47,-54,-50,-48,-46,-60,-29,-69,-62,-69,-81,-97,-72,-71,-29,-29,-29,-27,-24,-27,20,27,12,12,16,16,22,10,5,0,91,91,156,170,167,163,147,168,154,153,155,120,106,29,168,154,209,204,302,296,341,280,365,212,860,858,1094,1082,1066,1000,999,999,976,892,2281,2098]} 1. c4 Nf6 2. Nc3 g6 3. g3 Bg7 4. Bg2 O-O 5. d4 d6 6. Nf3 Nc6 7. O-O a6 8. Qd3 {8.b3 is the modern continuation.} e5 9. dxe5 {E63: King's Indian: Fianchetto: Panno Variation with 7...a6.} dxe5 10. Qxd8 Rxd8 11. Bg5 {The position is equal.} Be6 12. Nd2 Nd4 13. Rfd1 c6 14. Rac1 ({White should play} 14. e3 $14 Nc2 15. Rab1) 14... h6 $11 15. Bxf6 Bxf6 16. e3 Nf5 {[#]} 17. b3 $146 ({Predecessor:} 17. Nde4 Be7 18. c5 Kf8 19. b3 Ke8 20. Bf1 Rxd1 21. Nxd1 Rd8 22. Nb2 Ng7 23. Na4 {½-½ (66) Csom,I (2530)-Klundt,K (2390) Mendrisio 1989}) 17... Be7 18. Nde4 Ng7 19. Na4 Bg4 20. Rxd8+ Rxd8 21. c5 Be6 22. Bf1 f5 23. Nec3 Bf7 24. Nb1 Ne6 25. Be2 f4 26. Kf1 fxe3 27. fxe3 Ng5 28. Nbc3 Be6 29. h4 Rf8+ 30. Kg2 Bh3+ 31. Kh2 Rf2+ 32. Kg1 Rg2+ {[%mdl 64] [#] Double Attack} 33. Kh1 Ne6 34. Bf1 $1 $36 {[%cal Rf1g2][%mdl 2048] White has some pressure.} Rxg3 {White must now prevent ...Bxf1.} 35. Kh2 {[%mdl 64] Double Attack} Bxf1 (35... Rxe3 $11 36. Bxh3 Nf4) 36. Kxg3 $16 Bb5 (36... Bd3 $142) 37. b4 Ng7 38. Nb2 {Hoping for a4.} Nf5+ 39. Kf3 {aiming for a4.} Nxh4+ 40. Ke4 {And now a4 would win.} Nf5 41. a4 ({Reject} 41. Kxe5 $6 Nxe3 42. Ke6 Bd8 $16) 41... Bf1 {[#]} 42. Kxe5 (42. Kf3 $1 $16 Nh4+ 43. Kf2) 42... Kf7 {This move loses the game for Black.} 43. Ne4 $18 Bg2 (43... Be2 $16) 44. Nc4 Bxe4 (44... Bf8 {was necessary.} 45. Ncd6+ Nxd6 46. Nxd6+ Ke7 47. Nxb7 Bg7+ 48. Kf4 h5) 45. Kxe4 {[%mdl 4096] Endgame KRN-KBN} Ke6 46. Na5 h5 47. Nxb7 (47. Rd1 $142) 47... Bg5 $2 (47... Nxe3 48. Na5 Kd7) 48. b5 {White is clearly winning.} axb5 49. a5 {[%cal Ba4a5,Ba5a6,Ba6a7][%mdl 32]} Ne7 50. Nd6 Nd5 51. a6 Nc7 52. a7 Kd7 53. Rd1 {Weighted Error Value: White=0.15/Black=0.30} 1-0

[Event "Orsha A 2021"]
[Site "Orsha"]
[Date "2021.04.08"]
[Round "5.4"]
[White "Apryshko, Gleb"]
[Black "Klachkou, Tsimafei"]
[Result "1-0"]
[WhiteElo "2391"]
[BlackElo "1992"]
[Annotator "TA"]
[PlyCount "71"]
[EventDate "2021.04.06"]
[EventType "swiss"]
[EventCountry "BLR"]
[SourceTitle "playchess.com"]
[Source "ChessBase"]
[SourceQuality "1"]

{[%evp 9,71,29,57,9,30,6,25,17,72,57,97,63,76,75,73,72,81,50,29,20,51,51,51,56,83,45,36,43,43,41,39,-31,-18,-17,22,0,0,-19,0,0,0,0,29,10,35,31,85,76,83,78,83,77,136,144,183,182,182,179,179,176,177,173,372,346]} 1. e4 c5 2. Nc3 d6 3. d4 cxd4 4. Qxd4 Nf6 5. Bg5 Nc6 6. Bb5 {B23: Closed Sicilian: Lines without g3.} Bd7 7. Bxc6 Bxc6 8. O-O-O {White has an edge.} e5 (8... e6 $11) 9. Qd3 $16 a6 10. Nf3 h6 11. Bxf6 Qxf6 12. Nd5 Qd8 13. Qb3 {[#]} b5 $146 ({Predecessor:} 13... Bxd5 14. Rxd5 Qc7 15. Rhd1 Be7 16. R1d3 O-O 17. h4 b5 18. g3 Qb6 19. Re3 Rab8 {1-0 (64) Hajdu,I (2154)-Samu,G (2093) Hungary 2003}) 14. Rhe1 Rc8 15. Kb1 Bxd5 16. Rxd5 Qc7 17. Re3 Be7 18. Rc3 Qb7 19. Rxc8+ Qxc8 20. Rd3 (20. Ne1 $14) 20... O-O 21. Qd5 Qc7 (21... Qg4 $5 {[%cal Rg4g2]} 22. g3 Qh3 $15) 22. Rc3 Qb6 23. Qd2 Rd8 24. Rd3 Rc8 25. Qe2 Qb7 26. Nd2 Rc6 27. g3 Qc7 {[#]} ({Black should try} 27... g6 $14) 28. Nf1 $1 Qc8 29. Ne3 g6 30. Nd5 Qb7 (30... Bd8 $142) 31. h4 h5 32. g4 hxg4 33. Qxg4 {[#] h5 is the strong threat.} Bd8 34. h5 Qc8 35. Qg2 Rxc2 $2 (35... g5 36. Ne3 Qe6) 36. Nc3 {Weighted Error Value: White=0.12/Black=0.25} 1-0

[Event "Orsha A 2021"]
[Site "Orsha"]
[Date "2021.04.08"]
[Round "5.5"]
[White "Vainerchuk, Barys"]
[Black "Tsaruk, Maksim"]
[Result "*"]
[WhiteElo "1993"]
[BlackElo "2306"]
[Annotator "TA"]
[PlyCount "61"]
[EventDate "2021.04.06"]
[EventType "swiss"]
[EventCountry "BLR"]
[SourceTitle "playchess.com"]
[Source "ChessBase"]
[SourceQuality "1"]

{[%evp 26,61,54,32,30,17,21,23,32,34,38,29,26,11,18,22,31,33,51,35,30,51,39,36,81,25,32,0,30,0,0,0,0,-9,0,5,0,0]} 1. e4 e5 2. Nf3 Nc6 3. Bb5 a6 4. Ba4 Nf6 5. O-O Be7 6. Re1 b5 7. Bb3 O-O 8. c3 d6 9. h3 Bb7 10. d4 Re8 11. Ng5 Rf8 12. Nf3 Nd7 13. Nbd2 {[%cal Bb1d2,Bd2f1,Bf1g3][%mdl 32]} Bf6 14. Nf1 exd4 {C92: Closed Ruy Lopez: 9...Be6, Karpov and Flohr-Zaitsev Variations.} 15. cxd4 Na5 16. Bc2 Re8 {White has an edge.} 17. Ng3 {The old main line.} g6 $1 18. Rb1 c5 19. d5 Nc4 20. b3 Nce5 21. Nh2 {f4 is the strong threat.} c4 22. f4 Nd3 23. Bxd3 cxd3 {[#]} 24. Ng4 $146 ({Predecessor:} 24. Nf3 h5 25. b4 a5 26. a3 axb4 27. axb4 Nb6 28. Qxd3 Nc4 29. Kh2 Ra2 30. Nf1 Bh4 31. Rd1 Bf2 32. N1d2 {1-0 (55) Abdumalik,Z (2390)-Muzychuk,A (2549) Cap d'Agde 2015}) 24... Bc3 25. Bd2 (25. Rf1 $16) 25... Rc8 26. Kh2 Nf6 27. Bxc3 Rxc3 {The position is equal.} 28. Nxf6+ Qxf6 29. Qd2 {[#] aiming for e5!} Rc2 30. Qxd3 Rxa2 31. Re2 {Weighted Error Value: White=0.09/Black=0.06} *